Catalog

Record Details

Catalog Search



Available copies

  • 1 of 1 copy available at LARL/NWRL Consortium.
  • 1 of 1 copy available at Northwest Regional Library. (Show preferred library)

Current holds

0 current holds with 1 total copy.

Show All Copies
Location Call Number / Copy Notes Barcode Shelving Location Status Due Date
Karlstad LINK Site lp C DUD (Text) 35500006804494 Main Available -

Record details

  • ISBN: 9798891642348
  • Physical Description: 527 pages (large print) ; 23 cm.
  • Edition: Center Point Large Print edition.
  • Publisher: Thorndike, Maine : Center Point Large Print, 2024.

Content descriptions

General Note:
Includes author's note with background information.
Regular print version previously published by Wild Heart Books.
Summary, etc.:
"Priscilla Middleton only attended the Lemoore ... Read More
Subject: Young women > Fiction.
Ship captains > Fiction.
Ocean travel > Fiction.
Man-woman relationships > Fiction.
Upper class > Fiction.
Large type books.
Saint Kitts and Nevis > History > 19th century > Fiction.
Leeward Islands (Federation) > History > 19th century > Fiction.
Great Britain > History > 1800-1837 > Fiction.
Genre: Romance fiction.
Christian fiction.
Historical fiction.
Large print books.
LDR 03695cam a2200649 i 4500
001443944
003LARL_NWRL_CONSORTIUM
00520240815161159.0
008240401t20242021meu d 000 f eng d
007tb
010 . ‡a 2024935852
040 . ‡aCPLPT ‡beng ‡erda ‡cCPLPT ‡dOCLCO ‡dHBP
020 . ‡a9798891642348 ‡q(hardback : alk. paper)
035 . ‡a(OCoLC)1442021729
043 . ‡anwxi--- ‡anwli--- ‡ae-uk---
08204. ‡a813.6 ‡223/eng/2019
1001 . ‡aDudley, Lorri, ‡eauthor.
24514. ‡aThe captain's quest / ‡cLorri Dudley.
250 . ‡aCenter Point Large Print edition.
264 1. ‡aThorndike, Maine : ‡bCenter Point Large Print, ‡c2024.
264 4. ‡c©2021
300 . ‡a527 pages (large print) ; ‡c23 cm.
336 . ‡atext ‡btxt ‡2rdacontent
337 . ‡aunmediated ‡bn ‡2rdamedia
338 . ‡avolume ‡bnc ‡2rdacarrier
340 . ‡nlarge print. ‡2rdafs
4900 . ‡aLeeward Islands ; ‡v4
500 . ‡aIncludes author's note with background information.
500 . ‡aRegular print version previously published by Wild Heart Books.
520 . ‡a"Priscilla Middleton only attended the Lemoore house party to keep her friend out of trouble. Now, her only chance to keep from becoming a gossip column headline is to sneak aboard her brother's ship and pretend she'd been visiting him instead of taking part in the debacle. Before she can speak to her brother, the ship sets sail, and the man in charge is not at all who she expects. Captain Tobias Prescott, son of an infamous war hero, has been assigned on a critical mission to deploy warships in St. Kitts for battle in New Orleans. Unfortunately, his orders require him to assume command of a friend's ship, and he must weigh anchor the instant the former captain is escorted down the gangplank. When they reach open waters, the last thing he expects is to find a woman hiding in the captain's cabin, yet his mission is too urgent to return her to England. The Middleton name has always brought Tobias trouble, and Priscilla is no exception. As the waters clear and the temperature warms, the danger escalates too. Yet Tobias discovers the intuitive and strong woman who struggles to hide her anxiety is nothing like her disloyal brother. He may lose the opportunity to help his country, but perhaps he can still save the woman who's rescued his heart."-- ‡cProvided by publisher.
650 0. ‡aYoung women ‡vFiction. ‡0(LARL_NWRL_CONSORTIUM)168213
650 0. ‡aShip captains ‡vFiction. ‡0(LARL_NWRL_CONSORTIUM)167184
650 0. ‡aOcean travel ‡vFiction. ‡0(LARL_NWRL_CONSORTIUM)166481
650 0. ‡aMan-woman relationships ‡vFiction. ‡0(LARL_NWRL_CONSORTIUM)165985
650 0. ‡aUpper class ‡vFiction. ‡0(LARL_NWRL_CONSORTIUM)167800
650 0. ‡aLarge type books. ‡0(LARL_NWRL_CONSORTIUM)24284
651 0. ‡aSaint Kitts and Nevis ‡xHistory ‡y19th century ‡vFiction.
651 0. ‡aLeeward Islands (Federation) ‡xHistory ‡y19th century ‡vFiction.
651 0. ‡aGreat Britain ‡xHistory ‡y1800-1837 ‡vFiction.
655 7. ‡aRomance fiction. ‡2lcgft
655 7. ‡aChristian fiction. ‡2lcgft
655 7. ‡aHistorical fiction. ‡2lcgft
655 7. ‡aLarge print books. ‡2lcgft
901 . ‡a443944 ‡bAUTOGEN ‡c443944 ‡tbiblio

Additional Resources